<?xml version="1.0" encoding="UTF-8"?>
<record
    xmlns:xsi="http://www.w3.org/2001/XMLSchema-instance"
    xsi:schemaLocation="http://www.loc.gov/MARC21/slim http://www.loc.gov/standards/marcxml/schema/MARC21slim.xsd"
    xmlns="http://www.loc.gov/MARC21/slim">

  <leader>00668nam a22001937a 4500</leader>
  <datafield tag="999" ind1=" " ind2=" ">
    <subfield code="c">178804</subfield>
    <subfield code="d">178804</subfield>
  </datafield>
  <controlfield tag="005">20210415162257.0</controlfield>
  <datafield tag="010" ind1=" " ind2=" ">
    <subfield code="a">UR-11087</subfield>
  </datafield>
  <datafield tag="020" ind1=" " ind2=" ">
    <subfield code="c">250.00</subfield>
    <subfield code="a">-</subfield>
  </datafield>
  <datafield tag="035" ind1=" " ind2=" ">
    <subfield code="a">U-9642</subfield>
  </datafield>
  <datafield tag="037" ind1=" " ind2=" ">
    <subfield code="b">DBAD/PUB</subfield>
  </datafield>
  <datafield tag="082" ind1=" " ind2=" ">
    <subfield code="a">844.08</subfield>
  </datafield>
  <datafield tag="100" ind1=" " ind2=" ">
    <subfield code="a">&#x645;&#x62D;&#x645;&#x62F; &#x634;&#x631; &#x641; &#x627; &#x644;&#x62F; &#x64A;&#x646; &#x633;&#x627; &#x62D;&#x644;</subfield>
  </datafield>
  <datafield tag="245" ind1=" " ind2=" ">
    <subfield code="a">&#x62F; &#x634;&#x62A; &#x62C;&#x646;&#x648; &#x6BA; (&#x62A;&#x62D;&#x642;&#x64A;&#x642;&#x6CC; &#x645;&#x636;&#x627; &#x645;&#x64A;&#x646; &#x6A9;&#x627; &#x645;&#x62C;&#x645;&#x648; &#x639;&#x6C1; )</subfield>
    <subfield code="c">&#x645;&#x62D;&#x645;&#x62F; &#x634;&#x631; &#x641; &#x627; &#x644;&#x62F; &#x64A;&#x646; &#x633;&#x627; &#x62D;&#x644;</subfield>
  </datafield>
  <datafield tag="246" ind1=" " ind2=" ">
    <subfield code="b">Dasht-e-Junoon  (Urdu)</subfield>
    <subfield code="a">by Mohd.Sharfuddin Sahil</subfield>
  </datafield>
  <datafield tag="260" ind1=" " ind2=" ">
    <subfield code="a">Maharashtr</subfield>
    <subfield code="c">2021 &#x621;</subfield>
    <subfield code="b">Aleem Publications</subfield>
  </datafield>
  <datafield tag="270" ind1=" " ind2=" ">
    <subfield code="a">Haideri Road,Momin Pura,</subfield>
    <subfield code="b">Nagpur</subfield>
    <subfield code="e">440018</subfield>
    <subfield code="l">-</subfield>
  </datafield>
  <datafield tag="300" ind1=" " ind2=" ">
    <subfield code="a">272 &#x635; </subfield>
    <subfield code="c">22 Cm(Hb)</subfield>
  </datafield>
  <datafield tag="942" ind1=" " ind2=" ">
    <subfield code="2">ddc</subfield>
    <subfield code="c">UR</subfield>
    <subfield code="h">844.08</subfield>
    <subfield code="m">&#x645; &#x62D; &#x645; </subfield>
  </datafield>
  <datafield tag="952" ind1=" " ind2=" ">
    <subfield code="0">0</subfield>
    <subfield code="1">0</subfield>
    <subfield code="4">0</subfield>
    <subfield code="7">0</subfield>
    <subfield code="a">DBAD</subfield>
    <subfield code="b">L</subfield>
    <subfield code="d">2021-04-15</subfield>
    <subfield code="e">DBAD/PUB</subfield>
    <subfield code="g">250.00</subfield>
    <subfield code="l">0</subfield>
    <subfield code="o">844.08 &#x645; &#x62D; &#x645;</subfield>
    <subfield code="p">U-9642</subfield>
    <subfield code="r">2021-04-15 00:00:00</subfield>
    <subfield code="t">1</subfield>
    <subfield code="v">250.00</subfield>
    <subfield code="w">2021-04-15</subfield>
    <subfield code="y">UR</subfield>
  </datafield>
</record>
